| 000 | 00000nam##2200000za#4500 |
| 001 | 9.570678 |
| 003 | CaOODSP |
| 005 | 20210624182346 |
| 007 | cr ||||||||||| |
| 008 | 150406|2006||||xxc|||||o f|0| 0 eng|d |
| 022 | |a1919-5087 |
| 040 | |aCaOODSP|beng |
| 043 | |an-cn--- |
| 086 | 1 |aFs70-6/2006-019E-PDF |
| 110 | 1 |aCanada. |bDepartment of Fisheries and Oceans. |bQuebec Region. |
| 245 | 10|aAssessment of the Estuary and northern Gulf of St. Lawrence (areas 13 to 17 and 12A, 12B and 12C) snow crab stocks in 2005 |h[electronic resource] |
| 260 | |aMont-Joli - Quebec : |bFisheries and Oceans Canada. |cJune 2006. |
| 300 | |a21p.|bgraphs, illus., map, references |
| 490 | 1 |aCanadian Science Advisory Secretariat science advisory report |x1919-5087|v2006/019, Quebec Region |
| 590 | |a11-15-Supp|b2011-08-22 |
| 775 | 08|tÉvaluation des stocks de crabe des neiges de l'estuaire et du nord du golfe du Saint-Laurent (zones 13 à 17 et 12A, 12B et 12C) en 2005 |w(CaOODSP)9.601325 |
| 830 | #0|aScience advisory report (Canadian Science Advisory Secretariat)|x1919-5087|v2006/019, Quebec Region|w(CaOODSP)9.506226 |
| 856 | 40|ahttp://publications.gc.ca|qPDF|s247 KB|uhttps://publications.gc.ca/collections/collection_2011/mpo-dfo/Fs70-6-2006-019-eng.pdf|y2006/019, Quebec Region |